| 000 | 00631nam a2200193Ia 4500 | ||
|---|---|---|---|
| 003 | GCL | ||
| 008 | 140319s9999 xx 000 0 ara d | ||
| 040 |
_aGCL / _cGCL |
||
| 082 | 0 | 4 |
_a336 _bع ا |
| 100 | 1 | _aعادل احمد حشيش | |
| 245 | 1 | 0 |
_aاساسيات المالية العامة : مدخل لدراسة اصول الفن المالى للاقتصاد العام / _cعادل احمد حشيش |
| 300 | _a406 ص | ||
| 490 | _a | ||
| 650 | 0 | 4 | _aالضرائب |
| 650 | 0 | 4 | _aالسياسة الاقتصادية |
| 650 | 0 | 4 | _aالاقتصاد, علم |
| 650 | 0 | 4 | _aالميزانية العامة |
| 942 |
_2ddc _cBK |
||
| 999 |
_c46148 _d46148 |
||